|
|
|
|
| LEADER |
00000nam a2200000Ia 4500 |
| 008 |
180925b2008 cr ||||| |||| 00| | spa d |
| 999 |
|
|
|c 2460
|d 2460
|
| 090 |
|
|
|a CD #183
|
| 100 |
|
|
|a Gutiérrez Rojas, Marisol
|9 3291
|
| 245 |
1 |
3 |
|a La apropiación educativa de las telenovelas en los procesos educomunicativos formales: Una lectura desde las percepciones de un segmento de la población adolescente escolarizada urbana costarricense (disco compacto) /
|c Marisol Gutiérrez Rojas
|
| 260 |
|
|
|a San José, Costa Rica :
|b M. Gutiérrez R.,
|c 2008
|
| 300 |
|
|
|a Disco compacto.
|c 12 cm. de diámetro
|
| 502 |
|
|
|a Tesis (doctor en educación)--Universidad de Costa Rica. Sistema de Estudios de Posgrado
|
| 650 |
1 |
4 |
|a EDUCACIÓN
|9 1
|
| 650 |
1 |
4 |
|a TELEVISIÓN
|9 4128
|
| 650 |
1 |
4 |
|a COMUNICACIÓN
|9 150
|
| 650 |
1 |
4 |
|a ADOLESCENTES
|9 5
|
| 650 |
1 |
4 |
|a ESCOLARIDAD
|9 891
|
| 650 |
1 |
4 |
|a ASPECTOS SOCIALES
|9 576
|
| 942 |
|
|
|i 003406
|h CD #183
|2 z
|c 08
|